000 00659nam a2200241Ia 4500
003 OSt
005 20220923223505.0
006 a|||||r|||| 00| 0
007 ta
008 220922b |||||||| |||| 00| 0 hin d
024 _a217,721
037 _cTextual
040 _aARTS
_cARTS
_bhin
041 _2hin
_ahin
082 _aV2y7N10, 152L7
100 _aशरद, ओंकार
245 0 _aलोहिया
246 _aLohiyā
260 _aइलाहाबाद
_b लोकभारती
_c1977
300 _a260i`
_ccm.
942 _hV2y7N10, 152L7
_cTEXL
_2CC
999 _c365696
_d365696